| 000 | 00613nam a2200217 a 4500 | ||
|---|---|---|---|
| 001 | 5415 | ||
| 003 | CDMR | ||
| 005 | 20131118180106.0 | ||
| 008 | 130130s2001||||||||||||||||||||||||||||d | ||
| 020 | _a8489644594 | ||
| 040 |
_aCDMR _bcat _cCDMR |
||
| 245 | 0 |
_aPeriodistas en peligro _cElisabeth Anglarill ... [et al.] |
|
| 260 |
_aBarcelona _c2001 _bFlor del Viento |
||
| 300 | _a253 p. | ||
| 490 | 0 |
_aDel viento terral _v22 |
|
| 650 | 0 | 4 |
_92723 _aCensura |
| 650 | 0 | 4 |
_93073 _aLlibertat d'expressió |
| 650 | 0 | 4 |
_94154 _aPeriodistes _xRelats personals |
| 700 | 1 |
_94365 _aAnglarill, Elisabeth _d1967- |
|
| 942 |
_cMON _2udc |
||
| 999 |
_c5415 _d5415 |
||